| 000 | 00618nam a22001697a 4500 | ||
|---|---|---|---|
| 008 | 090524t xxu||||| |||| 00| 0 eng d | ||
| 020 | _a0852964447 | ||
| 082 |
_222 _a343.0994 _bTEL |
||
| 245 |
_aTelecommunications regulation / _cJohn Buckley. |
||
| 260 |
_aLondon :. _bInstitution of Electrical Engineers, _c c2003 |
||
| 300 |
_axxii, 240 p. : _bill. ; _c 24 cm. |
||
| 440 |
_94984 _aIEE telecommunications series _v; 50 |
||
| 650 |
_94985 _aTelecommunication _x--Law and legislation |
||
| 650 |
_94986 _a Telecommunication _x--Management. |
||
| 710 |
_94988 _a Institution of Electrical Engineers. |
||
| 942 |
_2ddc _cBB |
||
| 999 |
_c11587 _d11587 |
||